Catálogo

LA UNIVERSIDAD CATOLICA EN UN NUEVO HORIZONTE (Registro nro. 16492)

Detalles MARC
000 -LEADER
fixed length control field 00428nam a2200157 a 4500
001 - CONTROL NUMBER
control field 16492
005 - DATE AND TIME OF LATEST TRANSACTION
control field 20180713205436.0
008 - FIXED-LENGTH DATA ELEMENTS--GENERAL INFORMATION
fixed length control field 140415s1975 000 0 spa d
041 ## - LANGUAGE CODE
Language code of text/sound track or separate title spa
082 ## - DEWEY DECIMAL CLASSIFICATION NUMBER
Classification number 377.0711
Item number MIG
100 1# - MAIN ENTRY--PERSONAL NAME
Personal name MIGOYA, FRANCISCO
245 13 - TITLE STATEMENT
Title LA UNIVERSIDAD CATOLICA EN UN NUEVO HORIZONTE
260 ## - PUBLICATION, DISTRIBUTION, ETC.
Place of publication, distribution, etc. [s.l.] :
Name of publisher, distributor, etc. JUS,
Date of publication, distribution, etc. 1975
300 ## - PHYSICAL DESCRIPTION
Extent 99
650 14 - SUBJECT ADDED ENTRY--TOPICAL TERM
Topical term or geographic name entry element EDUCACION CATOLICA
General subdivision UNIVERSIDADES
Existencias
Withdrawn status Lost status Source of classification or shelving scheme Damaged status Not for loan Collection code Home library Current library Shelving location Date acquired Source of acquisition Inventory number Total Checkouts Full call number Barcode Date last seen Price effective from Koha item type
    Dewey Decimal Classification     General Biblioteca Karol Wojtyla Biblioteca Karol Wojtyla Sala general 03/12/2013 Compra 151000000000000000040706   377.0711 MIG 34296 05/01/2026 03/12/2013 Libro